Wards of Camden, London - Statistics

General Stats
  • This quiz has been taken 23 times
  • The average score is 7 of 18
Answer Stats
Answer % Correct
Kentish Town
87%
Highgate
73%
King's Cross
67%
Belsize
60%
Kilburn
53%
West Hampstead
53%
Swiss Cottage
47%
Bloomsbury
40%
Gospel Oak
40%
Haverstock
40%
Regent's Park
40%
Hampstead Town
33%
Cantelowes
27%
Frognal and Fitzjohns
20%
Holborn and Covent Garden
20%
St Pancras and Somers Town
20%
Camden Town with Primrose
13%
Fortune Green
13%
No matching quizzes found
Score Distribution
Percent of People with Each Score
Percentile by Number Answered
Your Score History
You have not taken this quiz